Traité élémentaire de mécanique chimique fondée sur la thermodynamique / (Record no. 53152)

MARC details
000 -LEADER
campo de control de longitud fija 01001nam a22001815i 4500
001 - NÚMERO DE CONTROL
campo de control 53152
003 - IDENTIFICADOR DE NÚMERO DE CONTROL
campo de control ES-MaACL
005 - FECHA Y HORA DE LA ÚLTIMA TRANSACCIÓN
campo de control 20230906162721.0
007 - CAMPO FIJO DE DESCRIPCIÓN FÍSICA--INFORMACIÓN GENERAL
campo de control de longitud fija t|
008 - DATOS DE LONGITUD FIJA--INFORMACIÓN GENERAL
campo de control de longitud fija 990701m18971899fr ||||1| fre d
040 ## - FUENTE DE CATALOGACIÓN
Centro catalogador/agencia de origen AS
Lengua de catalogación spa
Centro/agencia transcriptor CCPB | 3D
100 1# - ENTRADA PRINCIPAL--NOMBRE DE PERSONA
Nombre de persona Duhem, Pierre.
9 (RLIN) 45944
245 10 - MENCIÓN DEL TÍTULO
Título Traité élémentaire de mécanique chimique fondée sur la thermodynamique /
Mención de responsabilidad, etc. par P. Duhem.
260 ## - PUBLICACIÓN, DISTRIBUCIÓN, ETC.
Lugar de publicación, distribución, etc. Paris :
Nombre del editor, distribuidor, etc. Librairie scientifique A. Hermann,
Fecha de publicación, distribución, etc. 1897-1899 (
Lugar de fabricación/manufactura Tours :
Fabricante Imprimerie Deslis Frères)
300 ## - DESCRIPCIÓN FÍSICA
Extensión 4 v. ;
Dimensiones 25 cm.
505 8# - NOTA DE CONTENIDO CON FORMATO
Nota de contenido con formato Contiene: T. I. Introduction. Principes fondamentaux de la thermodynamique. Faux équilibres et explosions (VIII, 299 p.) -- t. II. Vaporisation et modifications analogues. Continuité entre l'état liquide et l'état gezeux. Dissociation des gaz parfaits (378 p.) -- t. III. Les mélanges homogènes. Les dissolutions (380 p.) -- t. IV. Les mélanges doubles. Statique chimique générale des systèmes hétérogènes (381 p.)
852 ## - LOCALIZACIÓN
Ubicación ES-MaACL
Número de control de estantería C-3158-61
Holdings
Estatus retirado Estado de pérdida Estado de daño No para préstamo Colección Biblioteca de origen Biblioteca actual Ubicación en estantería Fecha de adquisición Fuente de adquisición Total de préstamos Signatura topográfica completa Código de barras Visto por última vez Precio de reemplazo Tipo de ítem Koha
        Libros del s. XIX Biblioteca del Ateneo de Madrid Biblioteca del Ateneo de Madrid Sala Palomar 17/01/2008     C-3158-61 1055849 23/02/2023 23/02/2023 Libro impreso antiguo